| 000 | 00992nam a2200265 a 4500 | ||
|---|---|---|---|
| 001 | 000008694 | ||
| 003 | DO-SdBNP | ||
| 005 | 20220923125353.0 | ||
| 008 | 090918s1984 dr 000 0 spa d | ||
| 040 |
_aDO-SdBNP _bspa _cBPMSU |
||
| 082 |
_a928.61 _bH519V 1984 _222 |
||
| 100 | 1 |
_aVargas, José Rafael _d1956- |
|
| 245 | 1 | 3 |
_aLa integridad humanística de Pedro Henríquez Ureña : _bantología / _cJosé Rafael Vargas; prólogo Juan Daniel Balcácer. |
| 260 |
_aSanto Domingo : _bUASD, _c1984. |
||
| 300 |
_a371 p. ; _c21 cm. |
||
| 500 | _aIncluye datos biográficos del autor en la contracubierta | ||
| 500 | _aIncluye notas al pie de las páginas | ||
| 504 | _aIncluye referencias bibliográficas (345-370 p.) | ||
| 600 | 1 | 4 |
_aHenríquez Ureña, Pedro, _d1884-1946 |
| 650 | 4 |
_aAutores dominicanos _ySiglo XX _xBiografías |
|
| 650 | 4 |
_aIntelectuales _zRepública Dominicana _xBiografías |
|
| 700 | 1 |
_aBalcácer, Juan Daniel _epról. |
|
| 910 | _aVMateo V./Validado | ||
| 942 |
_2ddc _cBK |
||
| 999 |
_c14278 _d14278 |
||